[Event "EU-ch 5th"]
[Site "Antalya"]
[Date "2004.05.17"]
[Round "3"]
[White "Guseinov, Gadir"]
[Black "Macieja, Bartlomiej"]
[Result "1/2-1/2"]
[WhiteElo "2548"]
[BlackElo "2633"]
[Annotator "Ribli,Z"]
[PlyCount "75"]
[EventDate "2004.05.15"]
[EventType "swiss"]
[EventRounds "13"]
[EventCountry "TUR"]
[SourceTitle "CBM 101"]
[Source "ChessBase"]
[SourceDate "2004.07.27"]
[SourceVersion "1"]
[SourceVersionDate "2004.07.27"]
[SourceQuality "1"]

1. e4 c5 2. Nf3 Nc6 3. Nc3 e6 4. d4 cxd4 5. Nxd4 Qc7 6. g3 a6 7. Bg2 Nf6 8. O-O
Nxd4 {Dieser Springertausch ist heutzutage wieder populär und bietet Schwarz
gute Ausgleichschancen. Die wichtigsten Alternativen sind - 8...d6, 8...Be7, 8.
..Bc5.} 9. Qxd4 Bc5 10. Bf4 d6 (10... Bxd4 11. Bxc7 $14) 11. Qd2 h6 12. Rad1 e5
13. Be3 Be6 (13... Bg4 14. Bxc5 dxc5 15. f3 Be6 16. f4 O-O 17. Nd5 Bxd5 18.
exd5 {Auf diese Weise erreichen wir die Partiefortsetzung, aber nach 13...Bg4
haben beide Spieler ein Tempo verloren.}) 14. Bxc5 dxc5 15. f4 O-O 16. Nd5 Bxd5
17. exd5 Qd6 {Schwarz muss den d5-Bauern blockieren, auf diese Weise bleibt
der g2-Läufer eingeschlossen.} (17... Rfe8 $2 {Dieser Zug gefällt mir nicht,
weil Schwarz den weißen Pd6 nicht blockiert.} 18. d6 {[%csl Gg2][%cal Gg2a8]}
Qd7 19. fxe5 Rxe5 20. Qa5 $14 {1-0 Vorobiov,E-Gritsak,O/Kiev 2000/CBM 77/
[Ribli] (42) Weiß übt dank seines starken d-Bauern und des Bg2 spürbar
positionellen Druck am Damenflügel aus.}) (17... exf4 $6 18. Qxf4 (18. d6 $6
Qb6 19. c3 fxg3 20. Rxf6 gxf6 21. Qxh6 Qxb2 22. hxg3 Qe2) 18... Qxf4 19. Rxf4
$14) (17... e4 18. Rfe1 Rfe8 19. c4 Rad8 20. Re3 b5 21. b3 bxc4 22. bxc4 Qd7
23. Qe2 Qa4 24. Re1 Rb8 25. Bxe4 Nxe4 26. Rxe4 Rxe4 27. Qxe4 Qxa2 {0-1 Ju,
E-Iskos,A/Chalkidiki 2003/EXT 2004 (36)}) 18. fxe5 (18. c4 Rfe8 19. Rde1 Rad8
20. fxe5 Rxe5 21. Rxe5 Qxe5 22. Re1 Qd6 23. Bh3 Re8 24. Rxe8+ Nxe8 25. Qe3 Kf8
26. Bc8 Qc7 27. Bf5 Qe7 28. Qxe7+ Kxe7 29. Kf2 Nd6 {0-1 Schumi,M-Al Modiahki,M/
Oberwart 2002/CBM 89 ext (42)}) 18... Qxe5 19. c4 {Das ist die alte
Fortsetzung - Weiß verteidigt seinen b2-Bauern. Eine chancenreichere
Fortsetzung für Weiß wäre 19.d6!?, aber in diesem Fall kann Schwarz auch das
Gleichgewicht halten.} (19. d6 $5 Qxb2 20. c4 $1 (20. Rb1 Qxa2 21. Rxb7 Rad8
22. Rc7 Qa3 23. c4 Ng4 24. Re1 Kh8 25. Qf4 Qc3 26. Rce7 Nf6 {0-1 Mahia,G-Al
Modiahki,M/Dos Hermanas 2003/EXT 2004 (37)}) 20... Qxd2 21. Rxd2 Rab8 22. a4
$44 Rfd8 (22... Nd7 23. Rb1 Ne5 24. Bd5 Rfe8 25. Rxb7 Rxb7 26. Bxb7 Nxc4 27.
Rd5 Rd8 28. Bxa6 Nxd6 29. Rxc5 Ne4 30. Rc8 {1/2-1/2 Cao Sang-Horvath,A/
Balatonlelle 2001/EXT 2004 (48)}) 23. Rb1 Nd7 $1 (23... b6 24. Bc6 Ng4 25. Re1
f6 26. d7 Ne5 27. Rxe5 fxe5 28. Re2 Kf7 29. Rxe5 $44 {1/2-1/2 Holmsgaard,H-Al
Modiahki,M/Andorra 2003/CBM 95 ext (42)}) 24. Rxb7 Rxb7 25. Bxb7 Ne5 26. Rd5
Nxc4 27. Bxa6 (27. d7 Nb6 $11) 27... Nxd6 28. a5 Kf8 29. Bf1 (29. Rxc5 Ra8 30.
Rc6 Ke7 $11) 29... Nb7 $1 $11 {1/2-1/2 Adams,M-Anand,V/Wijk aan Zee 2001/CBM
81/[Ribli] (48)}) 19... Qd6 {Die Anmerkung von 17...Qd6 ist hier auch gültig -
Schwarz muss den d-Bauern blockieren.} 20. Rfe1 (20. Qf4 Rad8 21. Rfe1 (21.
Qxd6 Rxd6 22. Rfe1 Rfd8 23. a4 a5 24. Rd3 Re8 25. Rxe8+ Nxe8 26. Rb3 b6 27. Bh3
Kf8 28. Bc8 {1/2-1/2 Sivokho,S-Vekshenkov,N/Togliatti 2003/CBM 94 ext (33)})
21... Ne8 22. b4 b6 23. Qxd6 Nxd6 24. bxc5 bxc5 25. Bf1 Rb8 26. Rb1 Rfd8 27.
Rb3 Rxb3 28. axb3 Rb8 29. Ra1 Rb6 {1/2-1/2 Al Modiahki,M-Gustafsson,J/Fuerth
2000/EXT 2001 (40)}) 20... Rfd8 $11 {[%cal Gf6e8,Ge8d6][%mdl 4] Schwarz
verteidigt die Dame - im Falle von Qf4 - und bereitet das Springermanöver
Nf6-Ne8 und wenn möglich Nd6 vor.} 21. Qf4 Kf8 {Dank seinem Zug 20...Rfd8 kann
Schwarz seine Königsstellung verbessern.} (21... Qxf4 22. gxf4 Ne8 23. b4 cxb4
24. c5 $44) 22. Rb1 (22. b4 $2 Qxf4 23. gxf4 cxb4 24. c5 Rac8 $17) 22... Ne8 (
22... Qxf4 23. gxf4 Ne8 24. b4 Rac8 $11) 23. Re5 Qb6 {Schwarz geht mit der
Dame weg und verteidigt sich auf diese Weise gegen das Motiv 24.Rbe1 und 25.
Rxe8+.} (23... Nf6 24. Rbe1 $14) 24. b3 Nf6 (24... Nd6 25. Rbe1 $14) 25. Rf5
Qd6 26. Qf2 (26. Qxd6+ Rxd6 27. b4 Nd7 $11) 26... b5 {[%mdl 32] Schwarz möchte
27... bxc4 spielen und nach 28.bxc4 kann Weiß nicht b3-b4 ziehen.} 27. Rf1 bxc4
28. bxc4 Kg8 29. h3 (29. Qd2 $5) 29... Rab8 {[%cal Gb8b1] Schwarz bringt den
Turm ins Spiel.} 30. g4 Rb6 {[%cal Gb6h6] Der Turm ist eine gute
Verteidigungsfigur auf der 6. Reihe.} 31. g5 hxg5 32. Rxg5 Rdb8 {[%cal Gb8b1,
Gb1g1]} 33. h4 Rb1 {Auf diese Weise kann Schwarz den gefährlichen weißen Turm
tauschen.} (33... Rb2 $4 34. Qxf6 $18) 34. Qg3 Qxg3 35. Rxg3 Ne8 {[%csl Yd6]
[%cal Ge8d6] Endlich gelangt der schwarze Springer auf das Feld d6.} 36. Ra3
Nd6 37. Rxa6 Nxc4 38. Rxb1 (38. Rxb1 Rxb1+ 39. Kh2 Rb2 $11) 1/2-1/2

[Event "Benasque champions 25 ann"]
[Site "Benasque"]
[Date "2005.07.11"]
[Round "6"]
[White "Delchev, Aleksander"]
[Black "Korneev, Oleg"]
[Result "1-0"]
[WhiteElo "2656"]
[BlackElo "2594"]
[Annotator "Ribli,Z"]
[PlyCount "53"]
[EventDate "2005.07.06"]
[EventType "tourn"]
[EventRounds "9"]
[EventCountry "ESP"]
[EventCategory "11"]
[SourceTitle "CBM 108"]
[Source "ChessBase"]
[SourceDate "2005.09.26"]
[SourceVersion "1"]
[SourceVersionDate "2005.09.26"]
[SourceQuality "1"]

1. e4 c5 2. Nf3 e6 3. d4 cxd4 4. Nxd4 Nc6 5. Nc3 Qc7 6. Be2 {Das ist die
klassische Hauptvariante, aber die Alternative 6.Be3 gefolgt von 7.Qd2 ist so
populär, dass heutzutage die Fortsetzung 6.Be2 relativ selten gespielt wird.}
a6 7. O-O b5 {Das ist eine Nebenvariante, die jedoch keine besonders gute
Reputation hat. Nach meiner Meinung bietet der Hauptzug 7...Nf6 Schwarz viel
bessere Ausgleichchancen.} (7... Nf6 $5) 8. Nxc6 dxc6 (8... Qxc6 $6 9. Bf3 Bb7
10. Bf4 $1 d6 11. Re1 e5 12. a4 $1 $36) 9. a4 b4 {Mit Tempo gespielt, aber im
folgenden ist das Feld c4 ein guter Springerposten für Weiß.} (9... Bb7 $2 10.
axb5 cxb5 11. Nxb5 axb5 12. Rxa8+ Bxa8 13. Bxb5+ Ke7 14. Qd3 $40) (9... Rb8)
10. Nb1 {[%csl Yc4][%cal Gb1d2,Gd2c4]} Nf6 11. Nd2 {Interessanterweise ist,
dass der bulgarische Großmeister diese Variante mit beiden Farben spielt. Mit
dem Springerzug verbessert er sein früheres 11.Bd3.} (11. Bd3 Bd6 (11... h5 12.
h3 Bc5 13. Qe2 Ng4 14. hxg4 hxg4 15. e5 f5 16. g3 Qf7 17. Bg5 Qh5 18. Bh4 g5 {
0-1 Nataf,I-Volokitin,A/Budva 2004/(24)}) 12. f4 e5 13. f5 Bc5+ 14. Kh1 h5 15.
Nd2 Ng4 16. Qe2 Qa7 {1/2-1/2 Delchev,A-Lazarev,V/Albacete 2001/(26)}) 11... h5
{Dieser Zug scheint mir ziemlich optimistisch. Es wäre besser, 11...Bc5 zu
ziehen; ebenso, wie Delchev mit Schwarz spielte !} (11... Bc5 12. Bd3 e5 13. a5
O-O 14. Nc4 Be6 15. Qf3 Nd7 16. Be3 Rab8 17. Bxc5 Nxc5 18. Be2 Rbd8 19. Rfd1
Rd4 {1/2-1/2 Fercec,N-Delchev,A/Pula 2000 (33)}) (11... a5 12. f4 Ba6 13. Bxa6
Qb6+ 14. Kh1 Qxa6 15. Qf3 O-O-O 16. b3 Rd4 17. Rd1 Bc5 18. Bb2 $14 {1-0 Palac,
M-Volokitin,A/Celje 2004/(29)}) 12. Nc4 $1 {[%mdl 4] Das ist die Hauptidee des
Zuges 11.Nd2.} Bb7 $6 (12... Nxe4 13. Qd4 Nf6 (13... f5 14. Nb6 Rb8 (14... Qa7
15. Rd1 $18) 15. Nxc8 $16) 14. Bf4 $36) (12... e5 $142 13. Qd3 $14 (13. b3))
13. e5 Rd8 14. Bd3 Ng4 (14... Nd7 15. Bg5 $16) (14... Nd5 15. Bg5 Rd7 16. Qe2
$16) 15. Qe2 $16 {[%csl Gc4,Ge5] Weiß hat Raumvorteil, einen sicheren
Springerposten auf c4 und Entwicklungsvorteil. Schwarz kann hingegen mit
seiner Eröffnungsspiel nicht zufrieden sein .} Bc5 (15... Rd5 16. Bf4 $16 (16.
h3 Nxe5 17. Bf4 Bd6 18. Nxd6+ Qxd6 19. Rfe1 f6 20. Bg6+ Kf8 21. Be4 Ra5 22. Be3
$36)) 16. c3 (16. h3 Nh6 17. Qxh5 $16) 16... f5 (16... bxc3 17. bxc3 $16) 17.
Bf4 {[%csl Yd6][%cal Gc4d6] Weiß hat deutlichen Positionsvorteil. Schwarz kann
sich nicht gegen die Eindringung des Springers auf d6 verteidigen.} (17. h3 $16
) 17... Ba8 (17... O-O 18. Nd6 $16 (18. h3 $16)) 18. Nd6+ Kf8 19. Rad1 (19.
cxb4 Bxb4 20. Bxa6 $18) 19... Qe7 20. Qd2 {[%cal Rf4g5,Rg5d8]} bxc3 21. bxc3
Nxe5 22. Bxe5 Bxd6 23. Bc4 {[%cal Rd1d8]} Bc7 {[#]} 24. Qxd8+ $1 {[%mdl 64]} (
24. Qf4 $16) 24... Qxd8 (24... Bxd8 25. Bd6 Bc7 26. Bxe7+ Kxe7 27. Rfe1 $18)
25. Rxd8+ Bxd8 26. Rb1 $18 {[%csl Ra8][%cal Rb1b8,Rb8a8,Rb8h8] Mit diesem Zug
gewinnt Weiß eine Figur und die Partie.} Bf6 27. Rb8+ 1-0

[Event "Enghien les Bains"]
[Site "Enghien les Bains"]
[Date "2003.06.14"]
[Round "2"]
[White "Adams, Michael"]
[Black "Lautier, Joel"]
[Result "1-0"]
[WhiteElo "2723"]
[BlackElo "2666"]
[Annotator "Ribli,Z"]
[PlyCount "95"]
[EventDate "2003.06.13"]
[EventType "tourn"]
[EventRounds "9"]
[EventCountry "FRA"]
[EventCategory "17"]
[SourceTitle "CBM 096"]
[Source "ChessBase"]
[SourceDate "2003.09.25"]
[SourceVersion "1"]
[SourceVersionDate "2003.09.25"]
[SourceQuality "1"]

{[%mdl 1]} 1. e4 {Ftacnik} c5 2. Nf3 e6 3. d4 cxd4 4. Nxd4 Nc6 5. Nc3 Qc7 6. g3
{Der englische GM spielt gerne die g3-Variante, die für gewöhnlich zu
positionellem Spiel führt.} a6 7. Bg2 d6 {Mit dem Textzug leitet Schwarz von
der Paulsen-Variante in die Scheweninger-Variante über.} (7... Nf6 8. O-O Nxd4
9. Qxd4 Bc5 10. Bf4 {Diese Variante war vor 30 Jahren sehr beliebt. In diesen
Tagen kommt sie wieder in Mode.}) 8. O-O Bd7 (8... Nf6 9. Re1 Be7 10. Nxc6 bxc6
11. e5 dxe5 12. Rxe5 $14) 9. Re1 Be7 (9... Nf6 10. Nxc6 bxc6 (10... Bxc6 11.
Nd5 $36) 11. Na4 $14) 10. Nxc6 Bxc6 11. Qg4 h5 12. Qe2 {Auf 12.Qxg7?? kommt 12.
..Bf6 mit Damenfang.} h4 {Nach diesem Zug kann Schwarz zwar die h-Linie öffnen,
aber er bekommt damit nur theoretische Angriffschancen, da die weiße
Königsstellung zu solide ist.} 13. a4 hxg3 14. hxg3 Nf6 (14... Kf8 15. a5 Nf6
16. Be3 Nd7 17. Na4 g6 18. Nb6 Nxb6 19. axb6 Qd7 20. c4 e5 21. b4 Kg7 22. Ra5
Qe6 23. Rea1 Rab8 {1/2-1/2 Adams,M-Ljubojevic,L/Breda 2000/CBM 76 ext (32)})
15. a5 {[%csl Yb6][%cal Gc3a4,Ga4b6,Gc1e3,Ge3b6] Das Feld b6 ist ein
Schwachpunkt in der schwarzen Stellung. Weiß kann das entweder mit Na4-Nb6
oder mit Be3-Bb6 ausnutzen.} (15. Bf4 Rc8 16. Rad1 (16. Bf3 Qa5 17. Rab1 Qc5
18. Qd3 Qb4 19. b3 Nd7 20. Nd5 Bxd5 21. exd5 Rc3 22. Qd1 e5 23. Bd2 Qc5 24. b4
Qc7 25. Bxc3 Qxc3 26. Qd3 {1-0 Delchev,A-Markus,R/Subotica 2003/CBM95 (32)})
16... e5 17. Bg5 Kf8 18. Bf3 g6 {1/2-1/2 Adams,M-Movsesian,S/Sarajevo 2000/CBM
77 (41). (40)}) 15... Rc8 (15... O-O 16. Be3 Rfe8 17. Na4 Nd7 18. Qd2 Bb5 19.
Nb6 Nxb6 20. Bxb6 Qd7 21. Rad1 e5 22. b3 Bc6 23. c4 {1-0 Adams,M-Tregubov,P/
Reykjavic ISL 2003/(43)}) 16. Be3 Kf8 {Dieser Königszug ist typisch, aber die
Alternative 16...Nd7 kommt auch in Betracht.} (16... e5 17. Bb6 (17. Na4 Bxa4
18. Rxa4 Qxc2 19. Qxc2 Rxc2 20. Rb4 Rc7 21. Bb6 Rc8 22. Ba7 Rc7 23. Bb6 Rc8 24.
Ba7 {1/2-1/2 Berkvens,J-Rohde,U/Germany 2000/EXT 2001 (24)}) 17... Qd7 18. Rad1
Kf8 19. f4 Qg4 20. Qxg4 Nxg4 21. Re2 exf4 22. gxf4 Rh4 23. Rd3 {1/2-1/2 Adams,
M-Lautier,J/Tilburg 1998/EXT 99 (23).}) (16... Nd7 17. Bd4 Bf6 18. Bxf6 Nxf6
19. Nd5 Bxd5 20. exd5 e5 21. c3 Kf8 22. Ra4 g6 23. c4 Kg7 24. Rc1 Qc5 25. b4
Qd4 {1/2-1/2 Gdanski,J-Ivanchuk,V/Warsaw 1999/EXT 2002 (40)}) 17. Bb6 Qb8 18.
Na4 {Ftacnik: 'The problem for black in this position is a lesser coordiantion
of heavy pieces and insecure location for the king. On the other hand his
position is very solid with well defended weaknesses. '} (18. Bf3 Nd7 19. Bd4
Bf6 20. Bxf6 gxf6 21. Bg2 Ne5 22. f4 Qa7+ 23. Kf1 Ng6 24. Qf2 Qxf2+ 25. Kxf2
Rh5 26. Rh1 Rc5 27. Rh7 Ke7 28. Bf1 Nf8 {1/2-1/2 Ponomariov,R-Ivanchuk,V/
Moscow 2002/CBM 86/[Reeh] (47)}) 18... Bb5 19. Qd2 Nd7 20. Be3 $1 {Der
schwarzfeldrige Läufer zieht sich zurück. Da Weiß über Raumvorteil verfügt,
ist es logisch, dass er dem Abtausch der Figuren aus dem Weg geht.} (20. Bd4
Bf6 $11) 20... Bf6 (20... Bxa4 {Ftacnik} 21. Rxa4 Qc7 22. c4 Nc5 23. Ra3 Nd7
24. Raa1 Nc5 25. Qd1 Bf6 26. Rb1 Nd7 27. b4 $14) 21. c3 Ne5 (21... Bxa4 22.
Rxa4 Ne5 (22... Qc7 {Ftacnik} 23. Rd1 Ke7 24. f4 $14) 23. Qe2 $14) 22. Nb6 $14
{Weiß hat Raumvorteil und aktives Figurenspiel.} Rd8 {'?!' Ftacnik.} (22... Nc4
{'!?' Ftacnik.} 23. Nxc4 Bxc4 24. Rad1 Be7 (24... Ke7 {Ftacnik} 25. Ba7 Qc7 26.
Bb6 Qb8 27. f4 e5 (27... Bb3 28. e5 dxe5 29. Qd7+ Kf8 30. Bxb7 Re8 31. Rd2 exf4
32. Bc6 g5 33. Qxe8+ Qxe8 34. Bxe8 Kxe8 $14) 28. Qc2 $36) (24... Be7 25. Qc2
Bb5 26. b3 Bd8 27. c4 Bxa5 28. Bd2 Bxd2 29. Qxd2 Bc6 $11) 25. Qc2 $14 Bb5 {
Ftacnik} 26. b3 Bd8 27. c4 Bxa5 28. Bd2 Bxd2 29. Qxd2 Bc6 $11) 23. Bd4 Qc7 (
23... Nc4 $2 {Ftacnik} 24. Nxc4 Bxc4 25. Bxf6 gxf6 26. Qd4) 24. b3 {[%cal
Gc3c4] Weiß beginnt mit der Mobilisierung seiner Bauern am Damenflügel.
Schwarz hingegen fällt es schwer, adäquates Gegenspiel zu entwickeln.} Bc6 25.
Rad1 (25. c4 $14) 25... Qe7 {'?!' Ftacnik. Ftacnik: 'The queen on e7 is
running the risk of tactical threats from excellently coordinated white pieces.
'} (25... Nd7 {Ftacnik} 26. Nc4 Be7 27. f4 $14) 26. c4 g5 27. Qc3 {[%cal Gg5g4,
Gf8g7]} Ng4 $6 (27... Kg7 28. c5 $36 (28. Nd5 {Ftacnik} exd5 29. exd5 Bd7 30.
f4 Rde8 31. c5 gxf4 32. gxf4 Rh5 33. fxe5 Bxe5 34. Bxe5+ $16)) {[#]} 28. Nd5 $1
$16 {[%cal Ge1e7][%mdl 64] Ftacnik: 'This typical jump of the knight to the
central square will alter the power relations on the board, Adams will enjoy
huge advantage.'  Dieses vorübergehende Springeropfer ist typisch, aber
trotzdem immer wieder schön. Streng genommen ist es freilich gar kein Opfer,
denn wenn Schwarz den Springer mit seinem Bauern schlägt, gewinnt Weiß die
Figur sofort zurück.} Bxd5 (28... Bxd4 29. Qxd4 e5 30. Nxe7 exd4 31. Nf5 $18 {
[%csl Rd4,Rd6]}) (28... exd5 29. exd5 {[%cal Re1e7,Rd5c6]} Bxd4 (29... Be5 {
Ftacnik} 30. dxc6 bxc6 31. Bxc6 $18) 30. Qxd4 Ne5 31. dxc6 $18 {[%cal Rf2f4,
Rf4e5]}) 29. exd5 e5 {Schwarz muss die Stellung geschlossen halten.} (29...
Bxd4 30. Qxd4 Nf6 31. dxe6 fxe6 32. Qb6 Rd7 33. Qe3 $16 {[%cal Re3e6,Re3g5]}) (
29... Rh6 {Ftacnik} 30. dxe6 fxe6 31. Qf3 Nh2 32. Qxb7 Qxb7 33. Bxb7 Bxd4 34.
Rxd4 Rb8 35. Be4 $16) 30. Bb6 {Weiß hat das Läuferpaar, Raumvorteil und die
Bauernmehrheit am Damenflügel. Schwarz hingegen gelingt es nicht, am
Königsflügel echte Drohungen aufzustellen.} Re8 31. c5 {'!' Ftacnik. Jetzt
droht 32.cxd6 und zugleich 32.c6.} Kg7 32. Qb4 {[%cal Rc5d6,Rb4g4]} Nh2 33. c6
{[%csl Gc6] Dieser Bauernzug schränkt die Bewegungsfreiheit der schwarze Dame
ein. Das Manöver Qd7-Qf5 geht nun nicht mehr.} (33. cxd6 Qd7 34. Rc1 g4 35. Rc7
Qf5 36. Qe4 Qh5 37. Re3 $16) 33... g4 (33... bxc6 34. dxc6 $18 {[%csl Gb6,Gc6,
Rd6,Gg2]}) 34. Re4 Rh6 {Schwarz bereitet die Turmverdopplung auf der h-Linie 
(35...Reh8) vor.} (34... Nf3+ {Ftacnik} 35. Bxf3 gxf3 36. Rg4+ Kf8 37. cxb7 $18
) 35. Rxg4+ $1 {[%mdl 512] '!?' Ftacnik. Ftacnik: 'White was surely relying on
his mighty pawn on the c file, the exchange sacrifice secures him control over
the white squares. More tactically oriented players would look for the truth
after the 35.Be3! with the phantastic sacrifice of the rook on e5. '  Durch
dieses Qualitätsopfer beraubt Weiß seinen Gegner auch der letzten
theoretischen Angriffshoffnungen.} (35. Be3 $1 {Ftacnik} Bg5 (35... Rhh8 36.
Qxb7 Qxb7 37. cxb7 Rb8 38. Rb4 $18) 36. Rxe5 $3 dxe5 (36... Qxe5 37. Bd4 $18)
37. Qxe7 Bxe7 38. Bxh6+ Kxh6 39. d6 $1 bxc6 (39... Nf3+ 40. Bxf3 gxf3 41. c7
$18) 40. Bxc6 Nf3+ 41. Kg2 Nd4 42. Bxe8 Bxd6 43. Bxf7 $18) 35... Nxg4 36. Qxg4+
Rg6 37. Qe4 Bg5 (37... bxc6 38. dxc6 $16) 38. Qf5 {Weiß übt spürbar
positionellen Druck auf den weißen Feldern aus.} bxc6 39. dxc6 e4 40. Re1 {
Ftacnik: 'Lautier was most likely in serious time trouble, but his position is
alreay beyond hope.'} (40. c7 Re6 41. Bf1 e3 42. Bxa6 $18) 40... Re6 41. c7 $18
{Droht jetzt 42.Rxe4 Rxe4 43.Bxe4.} e3 42. f4 Bf6 43. Bd5 (43. Bb7 $18) 43...
Bc3 44. Re2 (44. Bxe6 Bxe1 45. c8=Q Rxc8 46. Bxc8 $18) 44... Bd2 45. Rh2 {
[%csl Rg7] Plötzlich befindet sich der schwarze König im Mattnetz.} Bc3 46.
Rh7+ Kg8 47. Rxf7 $1 {Ftacnik: 'Effective final triumph of the Adam's white
squared strategy.'} e2 (47... Qxf7 48. Bxe6 $18) 48. Qh7# 1-0

[Event "RUS-Cup6"]
[Site "Krasnodar"]
[Date "1997.03.13"]
[Round "3"]
[White "Minasian, Ara"]
[Black "Tregubov, Pavel V"]
[Result "1/2-1/2"]
[WhiteElo "2440"]
[BlackElo "2525"]
[Annotator "Ribli,Z"]
[PlyCount "74"]
[EventDate "1997.03.11"]
[EventType "swiss"]
[EventRounds "9"]
[EventCountry "RUS"]
[SourceTitle "EXT 2000"]
[Source "ChessBase"]
[SourceDate "1999.11.16"]
[SourceVersion "1"]
[SourceVersionDate "1999.11.16"]
[SourceQuality "1"]

1. e4 c5 2. Nf3 e6 3. d4 cxd4 4. Nxd4 Nc6 5. Nc3 Qc7 6. g3 a6 7. Bg2 d6 8. O-O
Bd7 9. Re1 (9. Nb3 {Weiß unterbindet das moegliche 9...Nxd4 nebst Bc6. Ich
möchte anmerken, daß der schwarze Läufer nicht gut auf d7 steht.Ribli.} Be7 (
9... Nf6 10. g4 $5 $36)) 9... Be7 10. Nxc6 Bxc6 11. Qg4 (11. a4 Nf6 12. Be3 O-O
13. Qe2 (13. a5 Nd7 14. Na4 Rae8 15. Nb6 f5 $10 {Vogt,L-Cramling,P/Valby K41/
1991/CBM27/}) 13... Rac8 14. h3 Rfe8 15. Red1 (15. Rad1 Qa5 $10) 15... d5 $5
$10 16. exd5 Nxd5 17. Nxd5 Bxd5 18. Bxd5 exd5 19. Rxd5 Bc5 $1 {1/2-1/2 Har Zvi,
R-Zvjaginsev,V/Altensteig 1994 (23)}) 11... h5 12. Qe2 (12. Qxg7 $2 Bf6 $19)
12... h4 {Wer l1...h5 spielt, muß auch 12...h4 spielen.Ribli.} (12... b5 13.
Bd2 Nf6 14. a4 b4 15. Na2 a5 16. c3 b3 17. Nc1 Rb8 18. c4 Nd7 19. Bc3 e5 20.
Qd2 Nc5 {1/2-1/2 Atlas,V-Kaenel,H/SWZ-GP Wohlen 1993 (63)}) (12... Nf6 13. Bg5
{[%csl Gg5]}) 13. a4 {Weiss unterbindet das mögliche b7-b5. Mit a4-a5 kann er
Druck gegen b6 entwickeln.Ribli.} (13. Bf4 Rc8 (13... hxg3 14. hxg3 Nf6 15.
Rad1 (15. a4 Nd7 16. a5 Ne5 {1/2-1/2 Romero Holmes,A-Brodsky,M/Wijk op 1995})
15... Rd8 16. a4 Nh5 17. Be3 Nf6 18. Bf4 Nh5 {1/2-1/2 Minasian,A-Brodsky,M/
Kstovo op 1994}) 14. Rad1 e5 15. Be3 Nf6 $10 {Stefansson,H-Zvjaginsev,V/
Reykjavik op/1994/EXP39/}) (13. Bd2 hxg3 14. hxg3 Nf6 15. a4 Rc8 16. a5 e5 17.
Rec1 Bd7 {1/2-1/2 Nunn,J-Van der Wiel,J/Rotterdam WCup 1989 (30)}) 13... hxg3
14. hxg3 Nf6 (14... Kf8 $5 15. a5 Nf6 16. Be3 Re8 17. Bd4 (17. Bb6 Qc8 18. Bd4
Rh7 19. Na4 Nd7 20. c4 Nc5 {1/2-1/2 Gdanski,J-Nowak,I/POL-chT Lubniewice 1995 
(30)}) 17... Qc8 18. Red1 Rh7 {1/2-1/2 Timman,J-Milov,V/Biel 1995 (36)}) 15.
Bf4 (15. Bd2 $10 {Nunn,J-Van der Wiel,J/Rotterdam WCup/1989/CBM13/}) (15. b3
Rd8 16. Bb2 {1/2-1/2 Bezemer,A-Meulders,R/Nederland tt 1994 (41)}) 15... Rc8
16. Rad1 (16. e5 dxe5 17. Bxe5 Qa5 $11) 16... e5 $11 {[%csl Yd5,Rg2] Dieser
Zug schwächt das Feld d5, gleichzeitig sperrt er jedoch den Bg2 ein.Ribli.} (
16... Nd7 {[%cal Yd7e5]} 17. Nd5 $5 Bxd5 (17... exd5 18. exd5 $40 {[%cal Yg2c6,
Re2e7]}) 18. exd5 e5 {Das ist ein typisches Verteidigungsmotiv gegen
Nd5-opfern.Ribli.} 19. Be3 Qc4 (19... Qxc2 20. Rc1 $18) 20. b3) 17. Bg5 Qd7 $5
{[%cal Ye7d8,Yd8b6,Yb6f2] Attackiert den Pa4 und eröffnet dem Be7 neue
Zukunftsperspektiven.Ribli.} 18. Bxf6 (18. b3 Bd8 (18... Nxe4 19. Nxe4 $8 Bxe4
20. Qxe4 (20. Bxe7 Bxg2 21. Bxd6 e4 $13) 20... Bxg5 21. Qxb7 Qxb7 22. Bxb7 Rxc2
23. Rxd6 $14)) 18... Bxf6 19. b3 Bd8 20. Rd3 (20. Nd5 Ba5 21. Rf1 Bxd5 22. Rxd5
Bc3 23. Rfd1 Bd4 {[%csl Gd4]}) 20... Bb6 21. Red1 Rh6 {[%cal Gh6d6] Dieser
Turm erfüllt zwei Aufgaben, er kontrolliert die h-Linie und verteidigt
gleichzeitig die Schwäche d6.Ribli.} 22. R1d2 Bc5 {[%csl Gc5] Der ehemals
schlechte Läufer hat sich zum Stolz der schwarzen Stellung gemausert.Ribli.}
23. Nd1 f5 $13 {Schwarz spielt scharf, aber seine Aktivität kompensiert die
Bauernschwächen.Ribli.} (23... Ke7 24. Ne3 g6 25. Ng4 Rh5) 24. exf5 Bxg2 25.
Kxg2 Qxf5 26. Qf3 Qh3+ 27. Kg1 Qh2+ 28. Kf1 Qh1+ 29. Qxh1 (29. Ke2 $4 e4 30.
Qxh1 exd3+ $19) 29... Rxh1+ 30. Kg2 (30. Ke2 Ke7 (30... e4 31. Rc3 $5 $14 (31.
Rd5 Bb4 32. c3 (32. R2d4 Re1#) 32... Bxc3 33. Nxc3 Rxc3 34. Rxd6 $11))) 30...
Re1 {Nach den Komplikationen haben wir jetzt eine ausgeglichene Stellung.
Schwarz hat einige Schwächen, steht aber sehr aktiv.Ribli.} 31. Ne3 e4 32. Rc3
Bxe3 33. Rxe3 (33. Rxc8+ Kd7 34. fxe3 Kxc8 35. Rxd6 Rxe3 $11) 33... Rxe3 34.
fxe3 Rc3 35. Rxd6 Rxe3 (35... Rxc2+ $11) 36. Rb6 Re2+ 37. Kf1 Rxc2 {Und hier
gaben sich die Kontrahenten die Hand zum Remisschluß.Ribli.} (37... Rxc2 38.
Rxb7 Rc3 $11) 1/2-1/2